Loading...
Philosophy | 0 | 9 | 1 | 1 | 85 | 73 | 102.44 | 2 | 9 |
History - Other History | 0 | 6 | 2 | 0 | 50 | 58 | 88.67 | 3 | 4 |
Literature - European Literature | 0 | 6 | 2 | 2 | 50 | 90 | 116.67 | 1 | 5 |
Mythology | 0 | 4 | 0 | 0 | 40 | 67 | 84.50 | 1 | 2 |
Literature - American Literature | 0 | 4 | 0 | 0 | 40 | 73 | 110.25 | 1 | 3 |
Social Science | 0 | 4 | 0 | 0 | 40 | 89 | 96.00 | 0 | 2 |
Religion | 0 | 4 | 1 | 0 | 35 | 53 | 84.25 | 3 | 4 |
Literature - British Literature | 0 | 2 | 0 | 0 | 20 | 133 | 134.50 | 0 | 0 |
History - European History | 0 | 2 | 1 | 1 | 15 | 39 | 77.50 | 1 | 1 |
Literature - World Literature | 0 | 2 | 2 | 0 | 10 | 100 | 111.50 | 0 | 2 |
Geography | 0 | 1 | 0 | 0 | 10 | 130 | 130.00 | 0 | 0 |
Current Events | 0 | 1 | 0 | 0 | 10 | 104 | 104.00 | 0 | 0 |
Science - Physics | 0 | 1 | 0 | 0 | 10 | 118 | 118.00 | 0 | 1 |
Other Academic | 0 | 0 | 1 | 0 | -5 | 0.00 | 0 | 0 |